[Event "Moscow Petrosian Memorial"]
[Site "Moscow"]
[Date "1995.??.??"]
[Round "5"]
[White "Korneev, Oleg"]
[Black "Gorbatov, Alexej"]
[Result "1-0"]
[WhiteElo "2540"]
[BlackElo "2410"]
[Annotator "Wedberg,T"]
[PlyCount "89"]
[EventDate "1995.??.??"]
[EventType "tourn"]
[EventRounds "11"]
[EventCountry "RUS"]
[EventCategory "10"]
[SourceTitle "CBM 046"]
[Source "ChessBase"]
[SourceDate "1995.06.01"]
[SourceVersion "1"]
[SourceVersionDate "1995.06.01"]
[SourceQuality "1"]

1. e4 e5 2. Nf3 Nc6 3. Bb5 Nf6 4. O-O Nxe4 5. d4 Nd6 6. Bxc6 dxc6 7. dxe5 Nf5
8. Qxd8+ Kxd8 9. Nc3 Ke8 10. h3 (10. b3 h6 11. h3 Be6 12. Bb2 Bb4 13. Ne2 Rd8
14. Nf4 Bd5 15. Nxd5 cxd5 16. g4 Ne7 17. Kg2 Ng6 18. Kg3 $16 {Ljubojevic,
L-kavalek/Reggio Emilia/1985}) 10... h5 11. Rd1 Be7 (11... Ne7 $5) 12. Ne2 h4
13. Bg5 $14 {When white manages to exchange his black squared B, he is at
least +/= in this line.} Be6 14. Nf4 Rd8 15. Rxd8+ Kxd8 16. Rd1+ Ke8 17. Bxe7
Kxe7 18. Ng5 Rh6 $6 (18... Ra8 $142 19. Rd3 a5 $132) 19. Rd3 a5 20. Nfxe6 fxe6
21. g4 $1 hxg3 22. fxg3 Rh8 23. Kg2 a4 24. g4 Nh6 25. Kg3 $16 Ra8 26. c4 Ra5
27. Kf4 Ra8 28. Nf3 Nf7 29. h4 Rf8 30. Kg3 Rb8 31. g5 b5 32. c5 b4 33. Rd4 Rb5
34. Rc4 Kd7 35. Kf4 Rb8 36. h5 Rf8 37. Kg4 Rb8 38. Rf4 Ke7 39. h6 $18 gxh6 40.
g6 Nh8 41. Kh5 a3 42. bxa3 Rg8 43. Nh4 bxa3 44. Kxh6 Rd8 45. Kh7 1-0

[Event "SWE-ch"]
[Site "Linkoping"]
[Date "2001.06.30"]
[Round "1"]
[White "Barkhagen, Jonas"]
[Black "Wedberg, Tom Birger"]
[Result "1-0"]
[WhiteElo "2456"]
[BlackElo "2505"]
[Annotator "Wedberg,T"]
[PlyCount "73"]
[EventDate "2001.06.30"]
[EventType "tourn"]
[EventRounds "13"]
[EventCountry "SWE"]
[EventCategory "8"]
[SourceTitle "CBM 085"]
[Source "ChessBase"]
[SourceDate "2001.11.13"]
[SourceVersion "1"]
[SourceVersionDate "2001.11.13"]
[SourceQuality "1"]

1. e4 e5 2. Nf3 Nc6 3. Bb5 Nf6 4. O-O Nxe4 5. d4 Nd6 6. Bxc6 dxc6 7. dxe5 Nf5
8. Qxd8+ Kxd8 9. Nc3 Ke8 10. h3 a5 11. Ne2 Ne7 ({The problem with} 11... a4 {
is that after} 12. g4 $5 Ne7 13. Ng3 {I see no counterplay for Black, since
the normal break h7-h5 is prevented. White on the other hand is free to
continue his K-side/central play with f4 and f5 precluded by some N manouvre
like Ng5-e4.}) 12. Re1 $5 {[%cal Ye2f4,Ye2d4,Re5e6] A very direct and
troublesome line for Black. White intends to push forward with e5-e6. The N on
e2 can support the thrust from eithr d4 or f4 depending on what Black plays.} (
12. g4 $2 {is of course a mistake due to} h5 $36) (12. Ng3 {is quite popular,
but the move in the game might be a more critical choice.}) 12... h6 $146 (
12... c5 13. Nf4 {[%cal Ye5e6]} Bf5 (13... Ng6 14. Nd5 $16) 14. c4 $14 {
[%cal Yf4d5,Ye5e6]}) (12... a4 13. a3 (13. Nf4 $5 {[%cal Ye5e6] playing for e6
seems more in accord with the previous moves.} {Now} Be6 $2 {is impossible} (
13... Ng6 $142) 14. Nxe6 fxe6 15. Ng5 $18) 13... h6 14. Bd2 Be6 15. Nf4 Nd5 16.
Nxe6 fxe6 17. Be3 c5 18. Rad1 b5 19. Nd2 c4 $15 {0-1 Tseshkovsky,V-Aleksandrov,
A/Krasnodar 2000/EXT 2001 (29)}) 13. Nf4 (13. Ned4 c5 14. Nb5 Kd7 15. e6+ Kc6
$132) 13... g5 {Maybe too ambitious, but there was a lack of good alternatives.
The basic idea is to prevent e6.} (13... Bf5 14. Nd4 Rd8 15. Be3 $14 {[%cal
Ye5e6]}) (13... Be6 14. Nd4 $16) 14. Nh5 Nd5 15. Nf6+ $1 (15. c4 Nb4 16. Nf6+
Ke7 $13) 15... Nxf6 (15... Ke7 $6 16. b3 Bg7 17. Ba3+ Kd8 18. Rad1 $16) 16.
exf6+ Be6 17. Nd4 Bc5 (17... Bd6 18. Bd2 $14) 18. Be3 $5 (18. Nxe6 fxe6 19.
Rxe6+ Kf7 20. Re1 Rad8 $132) 18... Bd6 (18... Bxd4 19. Bxd4 Kd7 20. Rad1 Kc8
$14 {might be playable, but White has all the chances with the strong P on f6
and Black´s weaknesses on h6 and g5.}) 19. Rad1 Kd7 20. f4 $2 {White lets the
advantage fade away with a few inexact moves.} (20. Nxe6 $1 fxe6 21. Bd4 $14 {
and Black will have to fight long for a draw.}) 20... gxf4 21. Bxf4 Rae8 22.
Kf2 h5 23. Nf3 Bd5 $13 24. Rxe8 (24. c4 Bxf4 25. cxd5 c5 $13) 24... Rxe8 25.
Be3 Re4 $4 (25... b5 $1 26. b3 b4 27. Bd4 a4 $15) 26. b3 b5 27. Nd2 $1 {
White wins a piece on the d-file.} Rh4 $2 $138 (27... Re8 28. c4 bxc4 29. bxc4
Bxg2 30. c5 $16) (27... Re6 28. c4 Rxf6+ 29. Kg1 $16) 28. c4 bxc4 29. bxc4 Bxc4
30. g3 $18 Rxh3 31. Nxc4 Rh2+ 32. Kf3 Ke6 33. Rd2 Rh1 34. Nxa5 Rh3 35. Rxd6+
cxd6 36. Kg2 Rxg3+ 37. Kxg3 1-0

[Event "Linares Anibal op 04th"]
[Site "Linares"]
[Date "1997.??.??"]
[Round "4"]
[White "Garcia, Gildardo"]
[Black "Miles, Anthony John"]
[Result "0-1"]
[WhiteElo "2485"]
[BlackElo "2550"]
[Annotator "Wedberg,T"]
[PlyCount "70"]
[EventDate "1997.02.??"]
[EventType "swiss"]
[EventRounds "10"]
[EventCountry "ESP"]
[SourceTitle "CBM 058"]
[Source "ChessBase"]
[SourceDate "1997.06.01"]
[SourceVersion "1"]
[SourceVersionDate "1997.06.01"]
[SourceQuality "1"]

1. e4 Nc6 2. Nf3 e5 3. Bb5 Nf6 4. O-O Nxe4 5. d4 Nd6 6. Bxc6 dxc6 7. dxe5 Nf5
8. Qxd8+ Kxd8 9. Nc3 Ke8 10. Ne2 Ne7 11. Re1 (11. h3 Ng6 (11... Bf5 12. Ned4
Bd7 13. e6 Bxe6 14. Nxe6 fxe6 15. Re1 Ng6 16. h4 Bd6 17. Rxe6+ Kd7 18. Re4 Rae8
$13 {Tseshkovsky,V-Karaklajic,N/Belgrade GMA 1988/TD 88\07/1/2-1/2 (60)}) 12.
Ned4 Be7 13. Re1 Nh4 $11 {1/2-1/2 Kuzmin,G-Keres,P/URS-ch41 Moscow 1973/URS-ch
(32)}) 11... Bg4 $1 12. Nfd4 c5 13. Nb5 Kd7 $1 {This move looks like it could
lead to danger, but it holds the Black position together beautifully. The K
will go to c6 in some lines.} 14. f3 (14. Bg5 Kc6 15. a4 Ng6 $15) 14... Bf5 15.
Be3 a6 16. Rad1+ Kc8 (16... Kc6 $2 17. Nbd4+ Kb6 (17... cxd4 18. Nxd4+ Kb6 19.
Nxf5+ $18) 18. Nxf5 Nxf5 19. Bf2 $16) 17. Nd6+ $2 (17. Na3 Nc6 $15 {White
lacks coordination.}) 17... cxd6 18. exd6 Nc6 19. Bxc5 b5 (19... Bxc2 {Is
probably good, but Black feels he needs to take no more risks.} 20. Rd2 Bg6 21.
Nc3 b5 22. Nd5 Kb7 $19) 20. g4 Bd7 21. Ng3 Kb7 22. Bf2 g6 23. Ne4 Bg7 24. Nc5+
Kc8 25. c3 h5 26. g5 Ne5 27. Kg2 Bc6 28. Kg3 Rd8 29. Bd4 Rxd6 30. h4 (30. f4
h4+ 31. Kh3 Nd7 32. Bxg7 Rxd1 33. Rxd1 Nxc5 $19) 30... Nd7 31. Re8+ (31. Nxd7
Bxd4 32. Nb6+ Bxb6 33. Rxd6 Bc7 $19) 31... Kc7 32. Re7 Bxd4 33. cxd4 Kd8 34.
Rde1 Nxc5 35. dxc5 Rd7 0-1

[Event "Hastings 0203 78th"]
[Site "Hastings"]
[Date "2003.01.01"]
[Round "5"]
[White "McShane, Luke J"]
[Black "Nielsen, Peter Heine"]
[Result "1-0"]
[WhiteElo "2546"]
[BlackElo "2620"]
[Annotator "Wedberg,T"]
[PlyCount "39"]
[EventDate "2002.12.28"]
[EventType "tourn"]
[EventRounds "9"]
[EventCountry "ENG"]
[EventCategory "12"]
[SourceTitle "CBM 093"]
[Source "ChessBase"]
[SourceDate "2003.04.01"]
[SourceVersion "1"]
[SourceVersionDate "2003.04.01"]
[SourceQuality "1"]

1. e4 e5 2. Nf3 Nc6 3. Bb5 Nf6 4. O-O Nxe4 5. Re1 {With this deviation from
the standard 5.d4 Luke McShane turns out to hit a weak spot in Peter Hiene
Nielsens usually superb preparations.} Nd6 6. Nxe5 Be7 7. Bd3 O-O 8. Nc3 Nxe5
9. Rxe5 Bf6 10. Re3 Re8 $6 {Repeting a mistake we have seen before. Black's
best course is to steer for a setup with g6. There are two ways to achieve
this:} (10... g6 11. b3 (11. Nd5 Bd4 12. Ne7+ Kg7 13. Re2 Re8 14. Nxc8 Rxc8 15.
c3 Bf6 16. Bc2 Rxe2 17. Qxe2 c5 18. d3 Qb6 $15 {Ceresoli,L-Lanzani,M/Bratto
2002/0-1 (43)}) 11... b6 12. Ba3 Bb7 13. Qg4 c5 14. Rae1 Re8 $11 {0-1 Yu
Shaoteng-Zhang Zhong/Moscow 2001/CBM 86 (25). (25)}) (10... Bd4 11. Rh3 g6 12.
b3 b6 13. Bb2 Bb7 14. Qg4 Qf6 15. Rf1 c5 $13 {0-1 Janowski,D-Albin,A/Cologne
1898/EXT 2001 (59). (59)}) 11. Nd5 Bg5 {If White is allowed to exchange N for
B he can at least claim a slight advantage.} (11... Bd4 {gives White a strong
attack after} 12. Rxe8+ Nxe8 13. Qg4 Bb6 14. Qe4 g6 15. b4 $40) 12. f4 Bh6 {
An improvement, but not enough to make the line attractive to Black.} (12...
Rxe3 13. dxe3 Bh6 14. Qh5 Ne8 15. g4 $1 {gave White a winning game in Savic,
M-Abramovic,B/Banja Koviljaca 2002/ 1-0 (26)/CBM 89/[Wedberg]}) 13. Rh3 {
Natural but maybe not the critical move.} (13. Qh5 $1 c6 14. Nc3 Qf6 15. Ne2
$16 {[%csl Rh6]}) 13... c6 14. Ne3 Ne4 {Black gets to close the diagonal.} 15.
Bxe4 Rxe4 16. Nf5 Qb6+ (16... Bxf4 17. d3 Qb6+ 18. Kh1 Re5 19. Nxg7 $1 Bxc1 20.
Qxc1 d6 21. Rg3 Kh8 22. Qf4 $40) 17. d4 (17. Kh1 Qf2 $1) 17... Bxf4 $4 {
[%mdl 8192] Losing on the spot.} (17... d5 {[%cal Yc8h3,Yb6g1] and White´s
advantage is not that impressive.} 18. Rb3 (18. Nxh6+ gxh6 19. Rg3+ Kh8 20. c3
Bf5 $11) 18... Qc7 19. Nxh6+ gxh6 20. Rg3+ Kh8 21. Qh5 Qe7 22. Bd2 Qf6 23. c3
Bf5 $11) 18. Qh5 $1 $18 h6 19. Bxf4 Rxf4 20. Re1 $1 (20. Re1 Qd8 21. Nxh6+ $18)
1-0

[Event "Schacknytt GM"]
[Site "Upplands Vasby"]
[Date "2000.12.09"]
[Round "5"]
[White "Kulaots, Kaido"]
[Black "Wedberg, Tom Birger"]
[Result "1-0"]
[WhiteElo "2491"]
[BlackElo "2473"]
[Annotator "Wedberg,T"]
[PlyCount "103"]
[EventDate "2000.12.05"]
[EventType "tourn"]
[EventRounds "7"]
[EventCountry "SWE"]
[EventCategory "11"]
[SourceTitle "CBM 081"]
[Source "ChessBase"]
[SourceDate "2001.03.20"]
[SourceVersion "1"]
[SourceVersionDate "2001.03.20"]
[SourceQuality "1"]

1. e4 e5 2. Nf3 Nc6 3. Bb5 Nf6 4. O-O Nxe4 5. d4 Nd6 6. Bxc6 dxc6 7. dxe5 Nf5
8. Qxd8+ Kxd8 9. Nc3 Ke8 10. h3 a5 11. Ne2 {White now threatens to play g4
followed by Ng3, thereby preventing the standard counterplay with h7-h5.} Ne7
12. Ng3 (12. g4 $6 h5 $132) 12... c5 (12... h5 {gives away g5.} 13. Bg5 c5 14.
Rfe1 Be6 15. c3 b6 16. Nh4 Ng6 17. Nxg6 fxg6 18. h4 Be7 19. Ne4 {1-0 Aseev,
K-Tunik,G/St Petersburg 1998/CBM 67 ext (63)}) (12... a4 {might be more exact.}
13. a3 h6 (13... Nd5 14. Bd2 (14. Re1 Be7 15. Bd2 h6 16. Rad1 Kf8 $6 $14 {
1-0 Svidler,P-Aleksandrov,A/Las Vegas 1999/CBM 72/[Dautov] (41)}) 14... h6 15.
Rad1 Bc5 16. Rfe1 Be6 17. Bc1 Bb6 18. Nd4 Bxd4 19. Rxd4 c5 20. Rdd1 c4 $11 {
1/2-1/2 Georgiev,K-Aleksandrov,A/Batumi 1999/CBM 74/[Wedberg] (41)}) 14. Re1 (
14. Bd2 c5 15. Rad1 Be6 16. Bc1 Rd8 17. Nh5 Bc4 18. Rxd8+ Kxd8 19. Re1 Kc8 20.
g4 Nc6 21. c3 g6 22. Nf4 Be7 $15 {0-1 Nevostrujev,V-Aleksandrov,A/Smolensk
2000/CBM 77/[Wedberg] (43)}) 14... c5 15. Bd2 Be6 16. Rad1 Rd8 17. Ne4 Nd5 18.
g4 b5 19. Kg2 Kd7 20. c4 bxc4 21. Nc3 Kc6 {1/2-1/2 Zulfugaryi,M-Aleksandrov,A/
Minsk 2000/EXT 2001 (49)}) 13. Re1 (13. Be3 Nc6 14. Ne4 b6 $132 {/\Bf5 Dautov})
13... h6 14. Nh5 $1 {[%mdl 4] This eccentric placement of the N is quite
irritating for Black. The immediate threat is Nf6+. The attack on g7 cannot
easily be thwarted by Rg8 due to the tactic Bxh6 followed by Nf6+. I believe
this is an important idea for White that needs more attention.} Nd5 {The N is
quite active on d5 and it covers f4 so that Be6 can't be met by Nf4, but it is
also vulnerable to a later c4.} (14... Nc6 15. c3 Be6 (15... Rg8 16. Bxh6 Bxh3
17. Bxg7 Bxg7 18. gxh3 $16) 16. Nh4 $36 {[%cal Yf2f4,Yf4f5]}) (14... Be6 15.
Nf4 Bf5 16. c4 Rd8 17. g4 Bc2 18. e6 $36) (14... Bf5 15. c3 Ra6 16. Be3 Nd5 $2
17. Bxc5 $1 $16 {showing another feature of the N on h5.}) 15. a3 Be6 ({
Going for simplification with} 15... Bf5 16. Re2 Bg6 17. Nf4 Nxf4 18. Bxf4 {
[%cal Ye5e6]} Bf5 {doesn´t quite work due to} 19. e6 $1 {The key move.} Bd6 (
19... Bxe6 20. Bxc7 $14) 20. exf7+ (20. Bxd6 cxd6 21. Rd1 Bxe6 22. Rxd6 Ke7 23.
Rb6 $14) 20... Kxf7 21. Ne5+ Kf6 22. g4 Be6 23. Rae1 $14) 16. Bd2 (16. c4 $2
Nb6 17. b3 a4 $17) 16... a4 17. g4 Kd7 18. Re4 Kc6 $6 (18... b5 $5) 19. c4 $1
Nb6 20. Rc1 $14 {White has driven the N away from d5.} Rd8 21. Nf4 Be7 22. Kf1
Rd7 23. Ke2 Rhd8 24. Nxe6 fxe6 25. Bc3 Rd3 $2 (25... Rf8 $142 $132) 26. h4 Nc8
27. Rf4 $1 R3d7 28. h5 Rf8 $2 29. Rxf8 Bxf8 30. Nh4 $16 {[%cal Yf2f4,Yf4f5]} b5
31. Ng6 Be7 32. cxb5+ Kxb5 33. f4 c4 34. f5 $18 Bg5 35. fxe6 Rd8 36. Rf1 Kc6
37. Rf7 Re8 38. Rxg7 Rxe6 39. Kf3 Nb6 40. Nf8 Re8 41. Nh7 Bc1 42. Nf6 Rf8 43.
e6 Nd5 44. Rf7 Rb8 45. e7 Nxf6 46. Bxf6 Kd7 47. Rf8 Re8 48. g5 hxg5 49. Kg4
Rxe7 50. Bxe7 Kxe7 51. Rf2 Bf4 52. Rc2 1-0

[Event "Biel SKA"]
[Site "Biel"]
[Date "1996.07.29"]
[Round "7"]
[White "Onischuk, Alexander"]
[Black "Miles, Anthony John"]
[Result "1-0"]
[WhiteElo "2605"]
[BlackElo "2630"]
[Annotator "Wedberg,T"]
[PlyCount "93"]
[EventDate "1996.07.22"]
[EventType "tourn"]
[EventRounds "11"]
[EventCountry "SUI"]
[EventCategory "16"]
[SourceTitle "CBM 055"]
[Source "ChessBase"]
[SourceDate "1996.12.01"]
[SourceVersion "1"]
[SourceVersionDate "1996.12.01"]
[SourceQuality "1"]

1. e4 {Hecht} Nc6 2. Nf3 e5 3. Bb5 Nf6 4. O-O Nxe4 5. d4 Nd6 6. Bxc6 dxc6 7.
dxe5 Nf5 8. Qxd8+ Kxd8 9. Nc3 Ke8 10. b3 a5 11. Bb2 (11. a4 {This is the
principal answer to a5 in the Berlin defence. A statistical survey of the Mega
96 database shows that Black increases his winning chances from 27% to 47% 
(and his expected score from 0.48 to 0.65) if he is allowed to play a5-a4 in
the Berlin.} Bb4 (11... Be6 12. Bb2 h6 13. h3 Rd8 14. Rad1 Rxd1 15. Rxd1 h5 16.
Ne2 Be7 17. Bc1 h4 18. Bd2 b6 19. Bg5 $14 {1-0 Dvoirys,S-Tseshkovsky,V/Moscow
Alekhine op ;CBM 33 1992 (28)}) 12. Ne2 (12. Bb2 Bxc3 $1 $10) (12. Ne4 Be6 13.
Bb2 Bd5 $13) 12... Be6 13. Bb2 (13. Nf4 Bc3 14. Rb1 Nd4 15. Nxd4 Bxd4 16. Bb2
Bxb2 17. Rxb2 Rd8 $13) 13... Bd5 14. Nfd4 Nxd4 15. Nxd4 $14) 11... Bb4 (11...
h5 12. Rfe1 Be7 13. a4 Be6 14. Ne4 Rd8 15. Rad1 Rxd1 16. Rxd1 Rh6 $13 {1/2-1/2
Kovalev,A-Gorbatow,A/Cappelle op (05) ;EXP 51 1996 (35)}) 12. Ne4 $146 {
White should avoid the exchange on c3. If Black is allowed to play Bxc3 Whites
winning chances shrinks from 30% to 11% (and his expected score from 0.52 to 0.
39). All according to Mega 96. The reason behind these figures is the fact
that Black is very comfortable in the endings with opposite coloured B:s. The
P on e5 is blockaded and itself blocks Whites B.} (12. Rad1 Bxc3 $1 13. Bxc3
Be6 14. Rd3 a4 15. Rfd1 axb3 16. axb3 h6 17. h3 c5 18. Nd2 Ne7 19. Ne4 b6 20.
f3 Nc6 21. g4 h5 22. Kg2 hxg4 23. hxg4 Ra2 $10 {Gufeld,E-Karaklajic,N/Belgrade
GMA ;TD 88\07 1988/1/2-1/2 (55)}) (12. Ne2 a4 13. c4 Bc5 14. Nd2 h5 15. Ne4 Be7
16. Nf4 b6 17. Rfe1 Be6 18. Bc3 g5 $2 (18... Rh6 $13 {/\g5}) 19. Nf6+ Bxf6 20.
Nxe6 fxe6 21. exf6 Kf7 22. Rad1 Rhd8 23. Be5 $16 {1-0 Jansa,V-Plachetka,J/
Ostrava (02) ;CBM 33 1992 (38)}) (12. Rfd1 h6 13. a3 Bxc3 14. Bxc3 a4 15. b4
Be6 {1/2-1/2 Romero Holmes,A-Cifuentes Parada,R/Wijk op (04) ;CBM 46 1995}) (
12. h3 Bxc3 13. Bxc3 c5 14. Rfe1 h6 15. g4 Ne7 16. e6 f6 17. Nh4 $6 (17. Re4)
17... Ra6 $1 $15 {0-1 Thipsay,P-Miles,A/Sakthi (05) ;CBM 53 1996 (33)}) 12...
a4 13. a3 Be7 14. b4 {Onischuk correctly decides to keep the game closed on
the Q-side. White should not help Black in solving the problem with the
deployment of his R:s.} Be6 15. Rfe1 h6 16. h3 Rd8 17. Rad1 $14 {Whites space
advantage gives him a slight advantage.} Rd7 (17... Bd5 18. Nf6+ $1 gxf6 19.
exf6 Rg8 20. fxe7 Rd7 21. Ne5 Rxe7 22. Ng4 $14) 18. Rxd7 Kxd7 19. g4 $1 Nh4 20.
Nxh4 Bxh4 21. Nc5+ Kc8 22. Nxe6 {The exchange Nxe6 does not change the
statistics of this line. It only increases Whites overall expected score from
0.52 to 0.53. In this position though White is already better.} fxe6 {[#]
Hecht: Realisieren der K-Flügel-Mehrheit unter ständigem brettumfassendem
Raumgewinn auf beiden Flügeln Schwarz im positionellen Würgegriff.} 23. Re4 Rd8
24. Bd4 b6 25. Kf1 Rf8 26. Ke2 Be7 27. Be3 Kb7 28. f4 Kc8 29. Rd4 Rd8 $6 {
Black should have tried to hold up f4-f5 instead.} (29... g6 $142) 30. Rc4 $1 (
30. Rxd8+ Kxd8 31. f5 Bg5 32. Bxg5+ hxg5 33. Kd3 Ke7 $13) 30... Kb7 (30... Kd7
31. f5 $16) 31. f5 $16 Rd5 32. Re4 Kc8 33. c4 Rd7 (33... Rd8 $142) 34. fxe6 Rd8
35. Rf4 Rf8 36. Rf5 (36. Rf7 Rxf7 37. exf7 Kd7 38. g5 hxg5 39. Bxg5 Bf8 40. Kd3
Ke6 41. Ke4 g6 $14) 36... Kd8 37. c5 b5 (37... bxc5 {Hecht} 38. Bxc5 Bxc5 39.
bxc5 Ke7 40. Rxf8 Kxf8 41. Kd3 Ke7 42. Kc4 Kxe6 43. Kb4 Kxe5 44. Kxa4 Ke6 45.
Ka5 Kd7 46. Ka6 Kc8 47. Ka7 $18) 38. Kf3 Ke8 39. Ke4 Bh4 (39... g6 $142 {
This move gives White a chance to go wrong.} 40. Rf7 $1 (40. Rf2 $2 Bg5 41.
Rxf8+ Kxf8 42. Bxg5 hxg5 $10) (40. Rxf8+ $2 Bxf8 $10) 40... Rxf7 41. exf7+ Kxf7
42. Bxh6 Bd8 43. g5 Be7 44. h4 Bd8 45. Kf4 Be7 46. Kg4 Bd8 47. h5 $18) 40.
Rxf8+ Kxf8 41. Kf5 Be1 42. Bd4 Bd2 43. Bb2 Bg5 44. Kg6 Kg8 {Black has
protected everything - it seems.} (44... Ke7 45. Kxg7 Kxe6 46. h4 $18) 45. Bc1
$1 (45. e7 Bxe7 46. e6 $18) 45... Bxc1 (45... Be7 46. g5 $18) 46. e7 Bxa3 47.
e8=Q# 1-0

[Event "Leon"]
[Site "Leon"]
[Date "1997.06.07"]
[Round "3"]
[White "Sion Castro, Marcelino"]
[Black "Campora, Daniel Hugo"]
[Result "1-0"]
[WhiteElo "2440"]
[BlackElo "2555"]
[Annotator "Wedberg,T"]
[PlyCount "53"]
[EventDate "1997.06.05"]
[EventType "tourn"]
[EventRounds "9"]
[EventCountry "ESP"]
[EventCategory "10"]
[SourceTitle "CBM 060"]
[Source "ChessBase"]
[SourceDate "1997.09.29"]
[SourceVersion "1"]
[SourceVersionDate "1997.09.29"]
[SourceQuality "1"]

1. e4 e5 2. Nf3 Nc6 3. Bb5 Nf6 4. O-O Nxe4 5. d4 Nd6 6. Bxc6 bxc6 7. dxe5 Nb7
8. Nc3 (8. Bg5 Be7 9. Bxe7 Qxe7 10. Nc3 O-O 11. Re1 Nc5 12. Qd2 $14 {1-0
Andrijevic,M-Markovic,V/Pancevo 1989/EXT 89 (18)}) 8... Nc5 9. Nd4 Ne6 10. Nxe6
fxe6 (10... dxe6 11. Qxd8+ (11. Qg4 h5 12. Qg3 Qd4 $13 {0-1 Allen,A-Laird,C/
AUS-sf Brisbane 1995/EXT 95ch (31)}) 11... Kxd8 12. Be3 $16) 11. Qh5+ g6 12.
Qg4 d5 13. exd6 cxd6 14. Qc4 Bd7 15. Ne4 $1 $16 Be7 (15... Qc7 16. Rd1 $16) 16.
Qd4 O-O 17. Nxd6 c5 18. Qe5 Qb6 19. Bh6 Bf6 20. Qg3 Rfd8 21. Qf4 Qxb2 22. c3 $1
Rf8 (22... Bxc3 23. Qf7+ Kh8 24. Bg5 Rf8 25. Qxd7 Rxf2 26. Qb7 $18) (22... Qxc3
23. Ne4 $18) 23. Bxf8 Rxf8 24. Ne4 Bxc3 25. Qd6 Bc8 26. Rab1 Qc2 27. Nxc3 (27.
Nxc3 Qxc3 28. Rfc1 Qd4 29. Qxc5 $18) 1-0

[Event "HUN-ch"]
[Site "Budapest"]
[Date "1995.??.??"]
[Round "9"]
[White "Groszpeter, Attila"]
[Black "Gyimesi, Zoltan"]
[Result "1-0"]
[WhiteElo "2520"]
[BlackElo "2430"]
[Annotator "Wedberg,T"]
[PlyCount "142"]
[EventDate "1995.01.??"]
[EventType "tourn"]
[EventRounds "11"]
[EventCountry "HUN"]
[EventCategory "10"]
[SourceTitle "CBM 046"]
[Source "ChessBase"]
[SourceDate "1995.06.01"]
[SourceVersion "1"]
[SourceVersionDate "1995.06.01"]
[SourceQuality "1"]

1. e4 {Hecht} e5 2. Nf3 Nc6 3. Bb5 Nf6 4. O-O Nxe4 5. d4 Nd6 6. Bxc6 dxc6 7.
dxe5 Nf5 8. Qxd8+ Kxd8 9. Nc3 Be6 10. Ng5 (10. b3 h6 (10... Ke8 11. Bb2 Rd8 12.
Rad1 Be7 13. Ne2 h5 14. c4 a6 15. Nfd4 Nxd4 16. Nxd4 {1/2-1/2/Rodriguez,Am-Van
der Wiel,J/Luzern/1989}) 11. Bb2 b6 12. Ne2 Bc5 13. Nd2 Kc8 14. Ne4 Be7 15. Nf4
h5 16. Rfd1 Kb7 17. Kf1 a5 18. Nxe6 {1/2-1/2/Tal,M-Kortchnoy,V/Reykjavik/1988})
(10. g4 $5 Ne7 11. h3 h5 12. Ng5 $36) 10... Bc5 $6 (10... h5 11. Nxe6+ fxe6 12.
Ne2 Ke8 13. Nf4 Kf7 14. Rd1 Be7 15. Rd7 Rac8 $13) (10... Bc4 11. Rd1+ Ke8 12.
b3 Bb4 13. Nce4 $4 (13. Bb2 Bxc3 14. Bxc3 Be6 $10) 13... Be2 $19) 11. Nxe6+
fxe6 12. g4 $1 $14 {The key to success for white in this line is to advance
quickly with the K-side P-majority.} Nd4 (12... Ne7 $2 13. Ne4 Bb6 14. Ng5 Kd7
15. Rd1+ $18) (12... Nh4 13. Ne4 Be7 14. Ng5 Kc8 15. Nxe6 Nf3+ 16. Kg2 Nxe5 17.
h3 $16) 13. Na4 $1 Nf3+ $8 14. Kg2 Nh4+ 15. Kg3 Be7 16. f4 $1 $16 h5 17. h3 Ng6
18. Be3 b6 19. b3 Ke8 20. Nb2 Rd8 21. Nd3 Rd5 22. Rad1 hxg4 23. hxg4 Bh4+ 24.
Kf3 Bd8 25. Rh1 Rf8 26. Ke4 Ne7 27. c4 Rd7 28. Rh5 c5 29. Rdh1 g6 30. Rh7 a5
31. Ne1 Rd1 32. Nf3 Rxh1 33. Rxh1 Nc6 34. Rh7 Rf7 35. Rh8+ Rf8 36. Rh7 Rf7 37.
Rh6 Rg7 38. Bf2 Nb4 39. a4 Nc6 40. Rh8+ Kd7 41. Bh4 Bxh4 42. Rxh4 Ne7 43. Rh8
Nc6 44. Rf8 Ke7 45. Rc8 Kd7 46. Rh8 Ke7 47. Rh6 Kd7 48. Ke3 Ke7 49. f5 $1 gxf5
50. gxf5 Nd4 51. f6+ Kf7 52. Nxd4 cxd4+ 53. Kxd4 Rg4+ 54. Ke3 Rg3+ 55. Kf4 Rxb3
56. Rh7+ Kg6 57. Rg7+ Kh6 58. Rxc7 $18 Rb4 59. Rc6 Rxa4 60. Rxe6 Kg6 61. Rxb6 (
61. Rc6 $5 {Hecht} b5 62. Ke4 b4 63. Rc7 b3 64. Rg7+ Kh6 65. Rg1 Rxc4+ 66. Kf5
Kh7 67. f7 Rc8 68. Kf6 $18) 61... Rxc4+ 62. Ke3 a4 63. Rb8 (63. Rb7 {Hecht} Kf5
64. f7 Rc8 65. Re7 Rf8 66. e6 a3 67. Re8 a2 $1 $10) 63... a3 64. Rg8+ Kf7 65.
Rg7+ Ke6 66. Re7+ Kd5 67. f7 Rc3+ (67... Rc8 {Hecht} 68. Re8 a2 69. f8=Q Rxe8
70. Qd6+ Kc4 71. Qd4+ Kb3 72. Kd3 $18) 68. Kf2 Rc2+ 69. Kg3 Rc3+ (69... Rc8 {
Hecht} 70. Re8 a2 71. f8=Q (71. Rxc8 a1=Q 72. f8=Q Qg1+ 73. Kh4 Qh2+ 74. Kg5
Qg3+ 75. Kh6 Qh4+ 76. Kg6 Qg4+ 77. Kh7 Qh3+ 78. Qh6 Qd7+ $10) 71... Rxe8 72.
Qa3 $18) 70. Kg4 a2 71. Ra7 Rc7 (71... Rc8 {Hecht} 72. Kf5 $18) (71... Rc7 {
Hecht} 72. Ra5+ Rc5 73. Rxc5+ Kxc5 74. f8=Q+ $18) 1-0